Countries with Arabic As a Official Language - Statistics

General Stats
  • This quiz has been taken 87 times
    86 since last reset
  • The average score is 20 of 23
Answer Stats
Country % Correct
Algeria
97%
Egypt
97%
Iraq
96%
Morocco
96%
Saudi Arabia
96%
Oman
94%
Qatar
94%
Syria
94%
Yemen
94%
Tunisia
92%
Lebanon
91%
United Arab Emirates
91%
Libya
90%
Bahrain
88%
Jordan
88%
Kuwait
86%
Sudan
86%
Chad
83%
Mauritania
79%
Somalia
73%
Djibouti
72%
Comoros
55%
Tanzania
32%
No matching quizzes found
Score Distribution
Percent of People with Each Score
Percentile by Number Answered
Your Score History
You have not taken this quiz since the last reset